01642nam a22003377a 4500003000400000005001700004008004100021040002200062082001800084100002700102245003500129260008200164300001900246490002800265505001400293505008200307505015200389505008800541505004800629505013500677505007300812650004100885650004500926650005500971650004401026650005701070650004301127650004401170650004301214650004701257OSt20230424094556.0221006b |||||||| |||| 00| 0 eng d cBiblioteca Lado V a792.05bG143e aGainza, Gastoneeditor aEscena/bRevista de las Artes/ bUniversidad de Costa RicabVicerrectoria de acción socialc2010aCosta Rica c21x28cma191p. v2010v33x1409 2522a66 tEditorial tArtes EscenicasaParedes de brillo tímido Garavito - Sol de la Libertad  tArtes MusicalesaHacia una estética de la música culta latinoamericana del siglo XX La Catedral Sumergida, de Debussy: una visión innovadora tArtes VisualesaEl sueño de la razón produce monstruos El Girasol Cósmico  tSeccion RescateaViva nuestros Rey Fernando tSemiotica aArte y Globalización: Estética de una masacre administrada Publicidad televisiva reproduce cautiverios Femeninos  tTeatroaDiscursos de poder en Eduardo II Un Teatro en el paraíso  2Tesauro de Arte & ArquitecturaaARTE 2Tesauro de Arte & ArquitecturaaHISTORIA 2Tesauro de Arte & ArquitecturaaARTE COSTARRICENSE 2Tesauro de Arte & ArquitecturaaCULTURA 2Tesauro de Arte & ArquitecturaaARTE LATINOAMERICANO 2Tesauro de Arte & ArquitecturaaTEORIA 2Tesauro de Arte & ArquitecturaaCRITICA 2Tesauro de Arte & ArquitecturaaTEATRO 2Tesauro de Arte & ArquitecturaaCOSTA RICA